000 00267nam a2200121Ia 4500
008 190216s9999||||xx |||||||||||||| ||und||
100 _aSingh Jagjit
245 0 _aSystematic Botany
260 _bS Chand & Co
_c1967
300 _a328p
650 _aBotany
942 _cBK
999 _c1114
_d1114